Raw material testing (Record no. 66351)

MARC details
000 -LEADER
fixed length control field 00347nam a2200109Ia 4500
100 ## - MAIN ENTRY--AUTHOR NAME
Personal name Gopalakrishnan K S
245 #0 - TITLE STATEMENT
Title Raw material testing
260 ## - PUBLICATION, DISTRIBUTION, ETC. (IMPRINT)
Name of publisher Lecture Notes of the Refresher Course for small scale latex goods manufacturers. Kottayam, RRII, 1979
Year of publication 1979
300 ## - PHYSICAL DESCRIPTION
Number of Pages 222-228
942 ## - ADDED ENTRY ELEMENTS (KOHA)
Koha item type Journals
Holdings
Withdrawn status Lost status Damaged status Not for loan Home library Current library Shelving location Date acquired Koha item type
      Journals RRII Library RRII Library Rubber chemistry 17/12/2021 Journals